Normal view MARC view

Entry Personal Name

Number of records used in: 1

001 - CONTROL NUMBER

  • control field: 556258

003 - CONTROL NUMBER IDENTIFIER

  • control field: OSt

005 - DATE AND TIME OF LATEST TRANSACTION

  • control field: 20220930094754.0

008 - FIXED-LENGTH DATA ELEMENTS

  • fixed length control field: 220930|| aca||aabn | a|a d

040 ## - CATALOGING SOURCE

  • Original cataloging agency: OSt
  • Transcribing agency: OSt

100 ## - HEADING--PERSONAL NAME

  • Personal name: दिल्ली विश्वविद्यालय. कला संकाय. संस्कृत विभाग

670 ## - SOURCE DATA FOUND

  • Source citation: Work cat.: (OSt)887657: राजीव रंजन, ले., भारतीय फलित ज्योतिष शास्त्रोक्त एवं ताजिक शास्त्रोक्त द्वाद्वश भावस्थ ग्रहों के शुभाशुभ फलों का तुलनात्मक अध्ययन, 2012
Copyright @ Delhi University Library System